| 000 | 00708nam a22002297a 4500 | ||
|---|---|---|---|
| 999 |
_c15453 _d15453 |
||
| 003 | AR-CdUCM | ||
| 008 | 190427b ||||| |||| 00| 0 spa d | ||
| 040 |
_aMUNICIPALIDAD PROVINCIAL DEL CUSCO _cBIBLIOTECA MUNICIPAL DEL CUSCO |
||
| 082 |
_aEP / 895 / _bZ76 |
||
| 100 |
_aZi, Ju _930781 |
||
| 245 | _aFelicidad Infantil / | ||
| 260 |
_aBeijing : _bEdiciones en lenguas extranjeras, _c1982. |
||
| 300 |
_a12 paginas ; _bIlustraciones, graficos, dibujos _c20 cm. |
||
| 500 | _aCuentos chinos para niƱos | ||
| 650 |
_aCuentos _9217 |
||
| 650 |
_aHistorias _92725 |
||
| 650 |
_aLiteratura _983 |
||
| 650 |
_aChina _9843 |
||
| 700 |
_aWancui, Lin _934532 |
||
| 942 |
_2ddc _cLIBROS |
||
| 945 |
_apjha _d2019-04-27 |
||